000 01516nam a2200289Ia 4500
008 0000001988 pr ad 0000000000mul00
090 _aPPR00 J13j1
245 1 0 _aJaime Romano
_b: expediente de un largo viaje
_c/ coordinación Jaime Romano, Haydee Venegas ; fotografías Johnny Betancourt
300 _a40 p.
_c/ 25 cm.
500 _aExposición realizada en Museo de Arte de Ponce, Puerto Rico, octubre 3 noviembre 30, 1987 \ Texto bilingue: español inglés \ Proyecto Ganador Programa Apoyos Concertados FGAA 2010
501 _aJaime Romano : el pintor mago en su década continental = The artists as conjurer during his continental decade / Candance Sherber Dossier on a Long Journey / Jaime Romano
505 _aOBRAS : La orilla melancólica Región emergente El éXtasis de Santa Teresa Requiem Sanctus Vanto El jardín de Claudio Pentimento del plenilunio Autorretrato El martirio de San Sebastian
600 0 0 _aROMANO, JAIME, 1942/
_xTRABAJOS PICTORICOS
650 1 4 _aARTE CONTEMPORANEO PUERTORRIQUEÑO
650 1 4 _aARTISTAS PLASTICOS PUERTORRIQUEÑOS
650 1 4 _xCATALOGOS
650 1 4 _aCOLLAGE
650 1 4 _aDIBUJO AL CARBON
650 1 4 _aDIBUJO AL PASTEL
650 1 4 _xEXPOSICIONES
650 1 4 _aPINTORES PUERTORRIQUEÑOS
650 1 4 _aPINTURA ACRILICA (ARTE)
650 1 4 _aPINTURA AL OLEO
650 1 4 _aPINTURA PUERTORRIQUEÑA
700 1 _aVenegas, Haydée \ Betancourt, Johny
999 _c12309
_d12309
260 _aPonce (Puerto Rico) : Museo de Arte de Ponce
_c1988